Trichology in ayurveda/ (Record no. 179881)

MARC details
000 -LEADER
fixed length control field 00601nam a22001817a 4500
005 - DATE AND TIME OF LATEST TRANSACTION
control field 20210713130340.0
010 ## - LCCN (DPL NO)
LC control number ENG-129544
020 ## - INTERNATIONAL STANDARD BOOK NUMBER
Terms of availability 350.00
035 ## - SYSTEM CONTROL NUMBER
System control number EN-113076
037 ## - SOURCE OF ACQUISITION
Source of stock number/acquisition DBAD/PUB
082 ## - DEWEY DECIMAL CLASSIFICATION NUMBER
Classification number 616.546
100 ## - MAIN ENTRY--PERSONAL NAME
Personal name Deodatta Bhadlikar
245 ## - TITLE STATEMENT
Title Trichology in ayurveda/
Statement of responsibility, etc by Deodatta Bhadlikar
260 ## - PUBLICATION, DISTRIBUTION, ETC. (IMPRINT)
Place of publication, distribution, etc Pune
Name of publisher, distributor, etc Deerghayu International
Date of publication, distribution, etc 2020
270 ## - ADDRESS
City Pune
Address 36,Kothrud gaothan, opp. Mhatoba temple, Navgrah maruti, Bodhi vruksha
Telephone number 9822037665
Postal code 411038
Electronic mail address deerghayuinternational@gmail.com
300 ## - PHYSICAL DESCRIPTION
Extent 181p;
Dimensions 22cm(pbk)
942 ## - ADDED ENTRY ELEMENTS (KOHA)
Source of classification or shelving scheme Dewey Decimal Classification
Item type English Books
Classification part 616.546
Call number suffix BHA
Holdings
Withdrawn status Lost status Not for loan Collection code Home library Current library Date acquired Source of acquisition Cost, normal purchase price Full call number Barcode Copy number Cost, replacement price Koha item type
      Non-fiction Central Library Central Library 13/07/2021 DBAD/PUB 350.00 616.546 BHA EN-113076 1 350.00 English Books

© Delhi Public Library
Hit Counter
free hit counter